Capital Cities Beginning With "N" - Statistics

General Stats
  • This quiz has been taken 178 times
  • The average score is 5 of 8
Answer Stats
Country Capital City % Correct
Kenya Nairobi
91%
India New Delhi
90%
Bahamas Nassau
86%
Cyprus Nicosia
83%
Niger Niamey
54%
Mauritania Nouakchott
41%
Tonga Nuku'alofa
33%
Myanmar Naypyitaw
12%
No matching quizzes found
Score Distribution
Percent of People with Each Score
Percentile by Number Answered
Your Score History
You have not taken this quiz